000 00418nam a22001217a 4500
008 230626b xxu||||| |||| 00| 0 eng d
082 _a328.33
_bIPU 1989
245 _aInter-Parliamentary Symposium on the Participation of Women in the Political and Parliamentary Decision-Making Process
_bReports and Conclusions
260 _aGeneva
_bInter-Parliamentary Union
_c1989
300 _a96p
440 _n16
942 _2ddc
_cBK
999 _c2640
_d2640